00814cam a2200229 a 4500020001500000020001800015020001800033040000800051082002600059245006900085260004200154300002100196650001300217650001300230650002400243700001900267856005900286856006800345942000700413999001700420952014700437 a1580051855 a9781580051859 a9781580051859 cDLC00a363 SEA 2006 A069 Or.00aAbortion under attack :bwomen on the challenges facing choice / aEmeryville, CA :bSeal Press,cc2006. a264 p. ;c21 cm. 0aAbortion 0aAbortion 0aPro-choice movement1 aJacob, Krista.41uhttp://www.loc.gov/catdir/toc/ecip0617/2006021113.html42uhttp://www.loc.gov/catdir/enhancements/fy0712/2006021113-d.html cEK c14616d14616 0010406363_000000000000000_SEA_2006_A069_OR70966950aLBAbLBAcA069d2017-10-20o363 SEA 2006 A069 Or.pA06643r2017-10-20w2017-10-20yEK